Drag Reduction in supersonic Blunt Bodies Using Opposing Jets / (Record no. 528972)

000 -LEADER
fixed length control field 00473nam a22001577a 4500
082 ## - DEWEY DECIMAL CLASSIFICATION NUMBER
Classification number 621.001
100 ## - MAIN ENTRY--PERSONAL NAME
Personal name Bibi, Atiqa
245 ## - TITLE STATEMENT
Title Drag Reduction in supersonic Blunt Bodies Using Opposing Jets /
Statement of responsibility, etc. Atiqa Bibi.
260 ## - PUBLICATION, DISTRIBUTION, ETC.
Place of publication, distribution, etc. Islamabad:
Name of publisher, distributor, etc. RCMS - NUST,
Date of publication, distribution, etc. 2016.
300 ## - PHYSICAL DESCRIPTION
Extent 66 p.: ill.;
Dimensions 30cm.
942 ## - ADDED ENTRY ELEMENTS (KOHA)
Source of classification or shelving scheme
Koha item type Thesis
650 ## - SUBJECT ADDED ENTRY--TOPICAL TERM
Topical term or geographic name entry element MS-Thesis.
700 ## - ADDED ENTRY--PERSONAL NAME
Personal name Dr. Salma Sherbaz
650 ## - SUBJECT ADDED ENTRY--TOPICAL TERM
-- 18721
700 ## - ADDED ENTRY--PERSONAL NAME
-- 20824
Holdings
Withdrawn status Lost status Source of classification or shelving scheme Damaged status Not for loan Permanent Location Current Location Shelving location Date acquired Total Checkouts Full call number Barcode Date last seen Price effective from Koha item type
          Central Library (CL) Central Library (CL) Thesis 09/17/2019   621.001 CL-T-3540 09/17/2019 09/17/2019 Thesis
© 2023 Central Library, National University of Sciences and Technology. All Rights Reserved.